'R' Natural World Quiz Stats

Quiz Updated Jan 10, 2018

Also try: 'L' Natural World
Challenge
Share
Tweet
Embed
Score 0/21 Timer 05:00
12 Plays Today
Hint Answer % Correct
What name is given to a dried grape?Raisin
93%
Which large mammal with thick folded skin and a horn is native to Africa and southern Asia? Rhinoceros
92.7%
Mice, rats, gerbils, hamsters, lemmings and voles are all types of what?Rodent
91.8%
What name is widely used in North America, Australia and New Zealand for a male chicken?Rooster
91.4%
Which small black bird is often mistaken for a crow?Rook
89.6%
Which American pit viper has horny rings on the tail that produce a warning sound when vibrated?Rattlesnake
89.4%
What name is given to a male sheep?Ram
88.7%
What type of fish is an Electric, Manta or Devil's fish?Ray
87.3%
What name is given to a dog that recovers game shot by a hunter?Retriever
84.8%
Which plant-eating mammal with long ears, long hind legs and a short tail lives in a 'burrow'?Rabbit
83.6%
Which small thrush is well known for its red breast?Robin
83.5%
Hint Answer % Correct
Which tree-dwelling North American mammal has a foxlike face with a black mask and a ringed tail?Raccoon
83.5%
Which large deer lives in the subarctic regions of Eurasia and North America?Reindeer
77.2%
Which swamp grass is widely cultivated as a source of food, especially in Asia?Rice
75%
Which aromatic culinary herb is used in perfumery and is an emblem of remembrance?Rosemary
72.9%
Which plant with thick reddish or green leaf stalks is eaten as a fruit after cooking?Rhubarb
72.1%
Which large powerful dog is used in search and rescue and as a guide, guard or police dog?Rottweiler
67.2%
Which large flightless bird of South America is related to the Ostrich and Emu?Rhea
46%
What name is given to a mammal that ferments its food in a 4-chambered stomach? Ruminant
38.2%
By what other name can the 'mountain ash' be known?Rowan
17.5%
Which deerlike South African antelope has woolly brownish-grey hair and straight horns?Rhebok
14.9%

You're not logged in!

Compare scores with friends on all Sporcle quizzes.
Join for Free
OR
Log In

You Might Also Like...

Show Comments

Extras

Top Quizzes Today


Score Distribution

Your Account Isn't Verified!

In order to create a playlist on Sporcle, you need to verify the email address you used during registration. Go to your Sporcle Settings to finish the process.

Report this User

Report this user for behavior that violates our Community Guidelines.

Details: